| 000 | 00923nam a2200229 i 4500 | ||
|---|---|---|---|
| 001 | 138607 | ||
| 003 | ES-MaACL | ||
| 005 | 20260122124847.0 | ||
| 007 | t| | ||
| 008 | 070214s1907 sp |||| | spa d | ||
| 100 | 1 |
_aSantamaría de Paredes, Vicente, _d1853-1924 _9103306 |
|
| 245 | 1 | 0 |
_aEstudio de la cuestión de límites entre las Repúblicas del Perú y del Ecuador / _cpor D. Vicente Santamaría de Paredes. |
| 260 |
_aMadrid : _b[s. n.], _c1907 ( _fHijos de M. G. Hernández) |
||
| 300 |
_a307 p., 6 h. ; _c27 cm. |
||
| 530 | _aDisponible en formato digital. | ||
| 651 | 4 |
_aPerú- _xFronteras- _zEcuador. _99222 |
|
| 651 | 4 |
_aEcuador- _xFronteras- _zPerú. _98133 |
|
| 852 |
_aES-MaACL _jG-6655 _cDEPO2 |
||
| 856 | 4 |
_uhttp://bibliotecadigitalhispanica.bne.es:80/webclient/DeliveryManager?pid=2918238&custom_att_2=simple_viewer _y(Biblioteca Digital Hispánica) |
|
| 942 | _2udc | ||
| 999 |
_c138607 _d138607 |
||